135 rokov Dobrovoľného hasičského zboru v Smižanoch 2001 - 2005

Podrobná bibliografia
Hlavný autor: Dulovič, Ľudovít (Autor)
Médium: Článok
Jazyk:slovenčina
PhysicalDescription:Fotogr., obr.
ISSN:1338-7618
Predmet:
On-line prístup:http://www.smizany.sk/download_file_f.php?id=606479

MARC

LEADER 00000nab a2200000 ar4500
001 vtls011599528
003 SK-MaSNL
005 20260305031202.0
008 161213c20150606xo mr|p|||||||000 b|slo
038 |a SNSK 
040 |b slo  |c SNSK  |e AACR2 
041 |a slo 
044 |a xo  |c SK 
080 |a 614.842.83  |x (091)  |x "2001/2005"  |2 2011 
100 1 |a Dulovič, Ľudovít  |4 aut  |9 713625 
245 1 0 |a 135 rokov Dobrovoľného hasičského zboru v Smižanoch  |b 2001 - 2005  |c Ľudovít Dulovič 
300 |b Fotogr., obr. 
610 2 7 |a Dobrovoľný hasičský zbor (Smižany, Slovensko)  |2 snsk  |9 1021813 
648 7 |a 2001-2005  |2 snsk  |9 329532 
650 0 7 |a 135. výročie založenia  |2 snsk  |9 1037610 
650 0 7 |a dejiny  |2 snsk  |9 3825 
651 7 |a Smižany (Slovensko)  |2 snsk  |9 29314 
651 7 |a Spišská Nová Ves (Slovensko : okres)  |2 snsk  |9 22259 
773 0 |t Smižiansky hlásnik : mesačník pre obyvateľov a priateľov Smižian  |g Roč. XXIV., č. 6 (6. jún 2015), s. 5-6  |x 1338-7618 
852 |a SNSK  |b KIS3GCP 
856 4 1 |u http://www.smizany.sk/download_file_f.php?id=606479 
999 |c 3315134  |d 3317064